<?xml version="1.0" encoding="UTF-8"?>
<record
    xmlns:xsi="http://www.w3.org/2001/XMLSchema-instance"
    xsi:schemaLocation="http://www.loc.gov/MARC21/slim http://www.loc.gov/standards/marcxml/schema/MARC21slim.xsd"
    xmlns="http://www.loc.gov/MARC21/slim">

  <leader>00594nam a22001337a 4500</leader>
  <datafield tag="040" ind1=" " ind2=" ">
    <subfield code="c">RUA</subfield>
  </datafield>
  <datafield tag="082" ind1=" " ind2=" ">
    <subfield code="a">MGR SON 2022 B429 Or.</subfield>
  </datafield>
  <datafield tag="100" ind1=" " ind2=" ">
    <subfield code="a">SONG KHEANG &#x179F;&#x17BB;&#x1784;&#x200B; &#x1783;&#x17B6;&#x1784;</subfield>
  </datafield>
  <datafield tag="245" ind1=" " ind2=" ">
    <subfield code="a">POTENTIALS OF POTATO PRODUCTION IN EAST UNPLAND REGION OF NORTHEAST CAMBODIA &#x179F;&#x1780;&#x17D2;&#x1780;&#x17B6;&#x1793;&#x17BB;&#x1796;&#x179B;&#x178A;&#x17C6;&#x178E;&#x17B6;&#x17C6;&#x178A;&#x17C6;&#x17A1;&#x17BC;&#x1784;&#x1794;&#x17B6;&#x179A;&#x17B6;&#x17C6;&#x1784;&#x1793;&#x17C5;&#x1780;&#x17D2;&#x1793;&#x17BB;&#x1784;&#x178F;&#x17C6;&#x1794;&#x1793;&#x17CB;&#x1781;&#x17D2;&#x1796;&#x179F;&#x17CB;&#x179A;&#x17B6;&#x1794;&#x1797;&#x17B6;&#x1782;</subfield>
  </datafield>
  <datafield tag="260" ind1=" " ind2=" ">
    <subfield code="a">Phnom Penh</subfield>
    <subfield code="b">RUA</subfield>
    <subfield code="c">2022</subfield>
  </datafield>
  <datafield tag="300" ind1=" " ind2=" ">
    <subfield code="a">XIII 53P</subfield>
    <subfield code="b">IX</subfield>
    <subfield code="c">29CM</subfield>
  </datafield>
  <datafield tag="856" ind1=" " ind2=" ">
    <subfield code="u">https://drive.google.com/file/d/1W2hUEWNwtA6wmEjn4npD7HU9pXBkNqo7/view?usp=sharing</subfield>
  </datafield>
  <datafield tag="942" ind1=" " ind2=" ">
    <subfield code="c">NRM</subfield>
  </datafield>
  <datafield tag="999" ind1=" " ind2=" ">
    <subfield code="c">21312</subfield>
    <subfield code="d">21312</subfield>
  </datafield>
  <datafield tag="952" ind1=" " ind2=" ">
    <subfield code="0">0</subfield>
    <subfield code="1">0</subfield>
    <subfield code="2">ddc</subfield>
    <subfield code="4">0</subfield>
    <subfield code="6">MGR_SON_2022_000000000000000_B429_OR</subfield>
    <subfield code="7">0</subfield>
    <subfield code="9">93253</subfield>
    <subfield code="a">LBB</subfield>
    <subfield code="b">LBB</subfield>
    <subfield code="c">B429</subfield>
    <subfield code="d">2023-05-05</subfield>
    <subfield code="o">MGR SON 2022 B429 Or.</subfield>
    <subfield code="p">a071710</subfield>
    <subfield code="r">2023-05-05</subfield>
    <subfield code="w">2023-05-05</subfield>
    <subfield code="y">NRM</subfield>
  </datafield>
  <datafield tag="952" ind1=" " ind2=" ">
    <subfield code="0">0</subfield>
    <subfield code="1">0</subfield>
    <subfield code="2">ddc</subfield>
    <subfield code="4">0</subfield>
    <subfield code="6">MGR_SON_2022_000000000000000_B429_OR</subfield>
    <subfield code="7">0</subfield>
    <subfield code="9">93254</subfield>
    <subfield code="a">LBB</subfield>
    <subfield code="b">LBB</subfield>
    <subfield code="c">B429</subfield>
    <subfield code="d">2023-05-05</subfield>
    <subfield code="o">MGR SON 2022 B429 Or.</subfield>
    <subfield code="p">a071479</subfield>
    <subfield code="r">2023-05-05</subfield>
    <subfield code="w">2023-05-05</subfield>
    <subfield code="y">NRM</subfield>
  </datafield>
  <datafield tag="952" ind1=" " ind2=" ">
    <subfield code="0">0</subfield>
    <subfield code="1">0</subfield>
    <subfield code="2">ddc</subfield>
    <subfield code="4">0</subfield>
    <subfield code="6">MGR_SON_2022_000000000000000_B429_OR</subfield>
    <subfield code="7">0</subfield>
    <subfield code="9">93255</subfield>
    <subfield code="a">LBB</subfield>
    <subfield code="b">LBB</subfield>
    <subfield code="c">B429</subfield>
    <subfield code="d">2023-05-05</subfield>
    <subfield code="o">MGR SON 2022 B429 Or.</subfield>
    <subfield code="p">a071535</subfield>
    <subfield code="r">2023-05-05</subfield>
    <subfield code="w">2023-05-05</subfield>
    <subfield code="y">NRM</subfield>
  </datafield>
  <datafield tag="952" ind1=" " ind2=" ">
    <subfield code="0">0</subfield>
    <subfield code="1">0</subfield>
    <subfield code="2">ddc</subfield>
    <subfield code="4">0</subfield>
    <subfield code="6">MGR_SON_2022_000000000000000_B429_OR</subfield>
    <subfield code="7">0</subfield>
    <subfield code="9">93256</subfield>
    <subfield code="a">LBB</subfield>
    <subfield code="b">LBB</subfield>
    <subfield code="c">B429</subfield>
    <subfield code="d">2023-05-05</subfield>
    <subfield code="o">MGR SON 2022 B429 Or.</subfield>
    <subfield code="p">a071550</subfield>
    <subfield code="r">2023-05-05</subfield>
    <subfield code="w">2023-05-05</subfield>
    <subfield code="y">NRM</subfield>
  </datafield>
  <datafield tag="952" ind1=" " ind2=" ">
    <subfield code="0">0</subfield>
    <subfield code="1">0</subfield>
    <subfield code="2">ddc</subfield>
    <subfield code="4">0</subfield>
    <subfield code="6">MGR_SON_2022_000000000000000_B429_OR</subfield>
    <subfield code="7">0</subfield>
    <subfield code="9">93257</subfield>
    <subfield code="a">LBB</subfield>
    <subfield code="b">LBB</subfield>
    <subfield code="c">B429</subfield>
    <subfield code="d">2023-05-05</subfield>
    <subfield code="o">MGR SON 2022 B429 Or.</subfield>
    <subfield code="p">a071419</subfield>
    <subfield code="r">2023-05-05</subfield>
    <subfield code="w">2023-05-05</subfield>
    <subfield code="y">NRM</subfield>
  </datafield>
  <datafield tag="952" ind1=" " ind2=" ">
    <subfield code="0">0</subfield>
    <subfield code="1">0</subfield>
    <subfield code="2">ddc</subfield>
    <subfield code="4">0</subfield>
    <subfield code="6">MGR_SON_2022_000000000000000_B429_OR</subfield>
    <subfield code="7">0</subfield>
    <subfield code="9">93258</subfield>
    <subfield code="a">LBB</subfield>
    <subfield code="b">LBB</subfield>
    <subfield code="c">B429</subfield>
    <subfield code="d">2023-05-05</subfield>
    <subfield code="o">MGR SON 2022 B429 Or.</subfield>
    <subfield code="p">a071670</subfield>
    <subfield code="r">2023-05-05</subfield>
    <subfield code="w">2023-05-05</subfield>
    <subfield code="y">NRM</subfield>
  </datafield>
  <datafield tag="952" ind1=" " ind2=" ">
    <subfield code="0">0</subfield>
    <subfield code="1">0</subfield>
    <subfield code="2">ddc</subfield>
    <subfield code="4">0</subfield>
    <subfield code="6">MGR_SON_2022_000000000000000_B429_OR</subfield>
    <subfield code="7">0</subfield>
    <subfield code="9">93259</subfield>
    <subfield code="a">LBB</subfield>
    <subfield code="b">LBB</subfield>
    <subfield code="c">B429</subfield>
    <subfield code="d">2023-05-05</subfield>
    <subfield code="o">MGR SON 2022 B429 Or.</subfield>
    <subfield code="p">a071374</subfield>
    <subfield code="r">2023-05-05</subfield>
    <subfield code="w">2023-05-05</subfield>
    <subfield code="y">NRM</subfield>
  </datafield>
  <datafield tag="952" ind1=" " ind2=" ">
    <subfield code="0">0</subfield>
    <subfield code="1">0</subfield>
    <subfield code="2">ddc</subfield>
    <subfield code="4">0</subfield>
    <subfield code="6">MGR_SON_2022_000000000000000_B429_OR</subfield>
    <subfield code="7">0</subfield>
    <subfield code="9">93260</subfield>
    <subfield code="a">LBB</subfield>
    <subfield code="b">LBB</subfield>
    <subfield code="c">B429</subfield>
    <subfield code="d">2023-05-05</subfield>
    <subfield code="o">MGR SON 2022 B429 Or.</subfield>
    <subfield code="p">a071382</subfield>
    <subfield code="r">2023-05-05</subfield>
    <subfield code="w">2023-05-05</subfield>
    <subfield code="y">NRM</subfield>
  </datafield>
</record>
